000 00653nam a2200241 i 4500
001 C2-0267105
003 PPAK
005 20180727234408.0
008 050906s2003 miua|||| ||||| | eng d
020 _a1585361232
040 _aPPAK
_beng
_cPPAK
_erda
082 0 4 _a823
_223
090 0 0 _a823
_bSCI
_dK
100 1 _aScillian, Devin,
_eauthor
245 1 0 _aCosmo's moon
264 1 _aChelsea, Michigan :
_bSleeping Bear Press ,
_c2003
300 _a[44 pages] :
_bcolour illustrations ;
_c28 cm
336 _2rdacontent
_atext
337 _2rdamedia
_aunmediated
338 _2rdacarrier
_avolume
650 1 0 _aEnglish fiction.
942 _ddc
_cB
999 _c76128
_d76128